00301nam a2200121Ia 4500008004100000100002100041245004600062260002600108300000700134650001400141942000700155999001700162190216s9999||||xx |||||||||||||| ||und|| aShankara Kurup G 0aMalayalam-Perunthachanum Chandanakattilum bPoorna Pubs Kozhikode a61 aMalayalam cBK c26916d26916